000 00300pab a2200121 454500
008 180718b xxu||||| |||| 00| 0 eng d
100 _aArjun, Singh
245 _aConservation of urban environment
650 _a Conservation
650 _aEnvironment - India
773 _aCivic Affairs
909 _a21345
999 _c21345
_d21345